Gaming Quiz

Random Gaming or Pokémon Quiz

Pokémon Who Can Learn Growl (Clickable) Quiz Stats

 Plays Quiz not verified by Sporcle

Challenge
Share
Tweet
Embed
Score 0/16 Timer 10:00
0 Plays Today
% Correct
Bulbasaur
77.5%
Charmander
75%
Torchic
67.5%
Chikorita
65%
Spheal
57.5%
Dewgong
57.5%
Chansey
55%
Slowking
55%
% Correct
Mudkip
50%
Chatot
47.5%
Mismagius
47.5%
Miltank
47.5%
Kricketot
45%
Wailord
45%
Elgyem
40%
Chimecho
37.5%

You're not logged in!

Compare scores with friends on all Sporcle quizzes.
Join for Free
OR
Log In

You Might Also Like...

Show Comments

Extras

Top Quizzes Today


Score Distribution

Your Account Isn't Verified!

In order to create a playlist on Sporcle, you need to verify the email address you used during registration. Go to your Sporcle Settings to finish the process.

Report this User

Report this user for behavior that violates our Community Guidelines.

Details: